000
00283nam a2200109Ia 4500
008
200302s9999 xx 000 0 und d
100
_a
Michael Carley & Other
245
_a
Managing Sustainable Development
260
_b
EarthScan Publications Ltd.
260
_c
2005
300
_a
322 P.,
999
_c
5713
_d
5713